[Event "ROM-ch Rapid"]
[Site "Bucharest"]
[Date "2022.03.11"]
[Round "1"]
[White "Bulau, Andrei Cristian"]
[Black "Podea, Andrei"]
[Result "1/2-1/2"]
[WhiteElo "2170"]
[BlackElo "1489"]
[PlyCount "28"]
[EventDate "2022.03.11"]
[EventType "swiss (rapid)"]
[EventRounds "9"]
[EventCountry "ROU"]
[SourceTitle "CBM 207 Extra"]
[Source "ChessBase"]
[SourceDate "2022.05.31"]
[SourceVersion "1"]
[SourceVersionDate "2022.05.31"]
[SourceQuality "1"]

1. d4 d5 2. c4 e6 3. Nc3 f5 4. e3 c6 5. Bd3 Nf6 6. Nge2 Bd6 7. Qc2 Ne4 8. 0-0 0-0 9. f3 Nxc3 10. bxc3 Qh4 11. g3 Qh5 12. Bd2 Nd7 13. Rab1 g5 14. cxd5 cxd5 1/2-1/2

[Event "ROM-ch U10"]
[Site "Calimanesti Caciulata"]
[Date "2019.04.17"]
[Round "3"]
[White "Podea, Andrei"]
[Black "Negru, Vlad"]
[Result "1/2-1/2"]
[WhiteElo "1011"]
[BlackElo "1321"]
[PlyCount "76"]
[EventDate "2019.04.15"]
[EventType "swiss"]
[EventRounds "9"]
[EventCountry "ROU"]
[SourceTitle "CBM 190 Extra"]
[Source "ChessBase"]
[SourceDate "2019.07.15"]
[SourceVersion "1"]
[SourceVersionDate "2019.07.15"]
[SourceQuality "1"]

1. e4 c5 2. Bc4 e6 3. Nf3 a6 4. Nc3 b5 5. Be2 Nc6 6. 0-0 Qc7 7. d3 Bb7 8. Qd2 Nf6 9. Qf4 Bd6 10. e5 Nxe5 11. Nxe5 Bxe5 12. Qh4 0-0-0 13. f4 Bd6 14. Be3 Be7 15. d4 d5 16. Rad1 c4 17. Qg3 Rhg8 18. f5 Bd6 19. Bf4 Bxf4 20. Qxf4 Qxf4 21. Rxf4 Rde8 22. a3 Kc7 23. Kf2 Bc8 24. fxe6 fxe6 25. Re1 Rgf8 26. g3 Nd7 27. Bg4 Rxf4+ 28. gxf4 Nf6 29. h3 Nxg4+ 30. hxg4 Bd7 31. Kf3 Rf8 32. b3 cxb3 33. cxb3 Kd6 34. b4 Rc8 35. Rc1 Rc4 36. Ne2 Rxc1 37. Nxc1 h6 38. Nb3 g5 1/2-1/2

[Event "ROM-ch U10"]
[Site "Calimanesti Caciulata"]
[Date "2019.04.16"]
[Round "2"]
[White "Podea, Andrei"]
[Black "Paraschiv, Andrei C"]
[Result "0-1"]
[WhiteElo "1011"]
[BlackElo "1094"]
[PlyCount "88"]
[EventDate "2019.04.15"]
[EventType "swiss"]
[EventRounds "9"]
[EventCountry "ROU"]
[SourceTitle "CBM 190 Extra"]
[Source "ChessBase"]
[SourceDate "2019.07.15"]
[SourceVersion "1"]
[SourceVersionDate "2019.07.15"]
[SourceQuality "1"]

1. e4 c5 2. Nc3 a6 3. Nf3 e6 4. d4 cxd4 5. Nxd4 Nc6 6. Nxc6 bxc6 7. Bd3 Nf6 8. Bf4 Be7 9. 0-0 0-0 10. Qe2 d5 11. Rad1 Qb6 12. b3 Qb4 13. Bd2 Bd6 14. e5 Be7 15. exf6 Bxf6 16. Qe1 e5 17. h3 Qh4 18. Kh2 e4 19. Be2 Be5+ 20. f4 Bf6 21. Qxh4 Bxh4 22. g3 Be7 23. Be3 Bb4 24. Bd4 Re8 25. Na4 Bd7 26. Nb6 Rad8 27. Nxd7 Rxd7 28. Bxa6 Ra8 29. Be2 Rxa2 30. Ra1 Rxc2 31. Rf2 c5 32. Ra4 h6 33. Bb5 Rxf2+ 34. Bxf2 Rb7 35. Bc6 Re7 36. Bxd5 e3 37. Bc4 exf2 38. Bd3 g6 39. Ra2 Re3 40. Bf1 Be1 41. Bg2 Rxb3 42. Rc2 Rc3 43. Rxc3 Bxc3 44. Bd5 f1Q 0-1